Vlaj, naše vlajko! op. 51 č. 3

Hlavní autor: Vomáčka, Boleslav, 1887-1965
Další autoři: Hájek, Jaroslav, 1944-
Jazyk: Čeština
Vydáno: Praha : Ústřední dům lidové tvořivosti, [1956]
Fyzický popis: 3 s.
Hudebniny Hudebniny
Uloženo v:
LEADER 00882ncm a22002532a 4500
001 001080901
003 CZ BrMZK
005 20100924095804.0
007 qu
008 041005s1956 xr |||||r|||||||| cze d
040 |a BOA001  |b cze  |c BOA001 
072 7 |a 784  |x Vokální hudba  |2 Konspekt  |9 9 
100 1 |a Vomáčka, Boleslav,  |d 1887-1965  |7 jk01150555  |4 cmp 
245 1 0 |a Vlaj, naše vlajko! op. 51 č. 3  |h [hudebnina] /  |c Boleslav Vomáčka ; (Jaroslav Hájek) 
260 |a Praha :  |b Ústřední dům lidové tvořivosti,  |c [1956] 
300 |a 3 s. 
500 |a Rozmnoženo 
500 |a Smíšený sbor s doprovodem klavíru 
500 |a Sborová partitura 
700 1 |a Hájek, Jaroslav,  |d 1944-  |7 mzk2005290040  |4 lyr 
910 |a BOA001  |b Mus2-0422.832 
990 |a MU 
991 |b 200912 
996 6 |b 2619437464  |c Mus2-0422.832  |l MZK  |r Sklad / do 1 hodiny  |n 0  |w 001102764  |u 000010  |a 1  |e BOA001  |j MZK50  |s P